Văn bản pháp luật về địa vị pháp lý các doanh nghiệp và các tổ chức kinh tế Việt Nam

Tallennettuna:
Bibliografiset tiedot
Aineistotyyppi: Kirja
Kieli:Undetermined
Julkaistu: H. CTQG 2001
Aiheet:
Tagit: Lisää tagi
Ei tageja, Lisää ensimmäinen tagi!
Thư viện lưu trữ: Trung tâm Học liệu Trường Đại học Cần Thơ
LEADER 00530nam a2200169Ia 4500
001 CTU_52955
008 210402s9999 xx 000 0 und d
020 |b 160000 
082 |a 346.597065 
082 |b H250/QB 
245 0 |a Văn bản pháp luật về địa vị pháp lý các doanh nghiệp và các tổ chức kinh tế Việt Nam 
260 |a H. 
260 |b CTQG 
260 |c 2001 
650 |a business enterprises 
650 |z vietnam 
980 |a Trung tâm Học liệu Trường Đại học Cần Thơ